Еротоиды (Запись № 9695748)
[ простой вид ]
| 000 -МАРКЕР | |
|---|---|
| контрольное поле | 01437nam0a22003971 4500 |
| 001 - ИДЕНТИФИКАТОР ЗАПИСИ | |
| контрольное поле | RU\NLR\A1\25051 |
| 005 - ИДЕНТИФИКАТОР ВЕРСИИ | |
| контрольное поле | 20251203152403.2 |
| 035 ## - ДРУГИЕ СИСТЕМНЫЕ НОМЕРА | |
| Идентификатор записи | (NLR Aleph) 009679375 |
| 100 ## - ДАННЫЕ ОБЩЕЙ ОБРАБОТКИ | |
| Данные общей обработки | 19990113d1789 u y0rusy50 ca |
| 101 0# - ЯЗЫК РЕСУРСА | |
| Язык текста, звукозаписи и т.д. | русский |
| 102 ## - СТРАНА ПУБЛИКАЦИИ ИЛИ ПРОИЗВОДСТВА | |
| Страна публикации | российская федерация |
| 200 1# - ЗАГЛАВИЕ И СВЕДЕНИЯ ОБ ОТВЕТСТВЕННОСТИ | |
| Основное заглавие | Еротоиды |
| 210 ## - ПУБЛИКАЦИЯ, РАСПРОСТРАНЕНИЕ И ДР. | |
| Место издания, распространения и т.д. | [СПб. |
| Имя издателя, распространителя и т. д. | Тип. Акад. наук |
| Дата издания, распространения и т.д. | 1789] |
| 215 ## - ФИЗИЧЕСКАЯ ХАРАКТЕРИСТИКА | |
| Специфическое обозначение материала и объем | 84 с. |
| Размеры | 16° |
| 304 ## - ПРИМЕЧАНИЯ, ОТНОСЯЩИЕСЯ К ЗАГЛАВИЮ И СВЕДЕНИЯМ ОБ ОТВЕТСТВЕННОСТИ | |
| Текст примечания | В конце текста авт.: Николай Струйской |
| 306 ## - ПРИМЕЧАНИЯ, ОТНОСЯЩИЕСЯ К ПУБЛИКАЦИИ, РАСПРОСТРАНЕНИЮ И ИСПОЛНЕНИЯ ИЗДАНИЯ | |
| Текст примечания | Напеч. на счет авт. на его бумаге |
| 310 ## - ПРИМЕЧАНИЯ, ОТНОСЯЩИЕСЯ К ПЕРЕПЛЕТУ И УСЛОВИЯМ ДОСТУПНОСТИ | |
| Текст примечания | Тираж 308 экз. |
| 314 ## - ПРИМЕЧАНИЯ, ОТНОСЯЩИЕСЯ К СВЕДЕНИЯМ ОБ ИНТЕЛЛЕКТУАЛЬНОЙ ОТВЕТСТВЕННОСТИ | |
| Текст примечания | Заставка и концовка грав. На заставке подпись: J.C.Nabholz s |
| 321 1# - ПРИМЕЧАНИЯ ОБ ОТДЕЛЬНО ИЗДАННЫХ УКАЗАТЕЛЯХ / РЕФЕРАТАХ / ССЫЛКАХ, ОТРАЖАЮЩИХ КАТАЛОГИЗИРУЕМЫЙ ДОКУМЕНТ | |
| Примечания об указателях, рефератах, ссылках | СК XVIII 6928 |
| 518 1# - ЗАГЛАВИЕ В СТАНДАРТНОМ СОВРЕМЕННОМ ПРАВОПИСАНИИ | |
| Основное заглавие, вариант заглавия или унифицированное заглавие | Эротоиды |
| 620 ## - МЕСТО И ДАТА ПУБЛИКАЦИИ, ИСПОЛНЕНИЯ И Т. Д. | |
| Город | Санкт-Петербург |
| 700 #1 - ИМЯ ЛИЦА - ПЕРВИЧНАЯ ОТВЕТСТВЕННОСТЬ | |
| Связь между полями | z02790 |
| Начальный элемент ввода | Струйский |
| Часть имени, кроме начального элемента ввода | Н.Е. |
| Даты | -1796 |
| Расширение инициалов личного имени | Николай Еремеевич |
| Код отношения | Автор |
| -- | Заказчик, капиталовкладчик |
| 702 #1 - ИМЯ ЛИЦА - ВТОРИЧНАЯ ОТВЕТСТВЕННОСТЬ | |
| Связь между полями | z01702 |
| Начальный элемент ввода | Набгольц |
| Часть имени, кроме начального элемента ввода | И.К. |
| Даты | 1752-1797 |
| Расширение инициалов личного имени | Иоганн Кристоф |
| Код отношения | Автор |
| 702 #1 - ИМЯ ЛИЦА - ВТОРИЧНАЯ ОТВЕТСТВЕННОСТЬ | |
| Связь между полями | z01702 |
| Начальный элемент ввода | Nabholz |
| Часть имени, кроме начального элемента ввода | J.C. |
| Расширение инициалов личного имени | Johann Christoph |
| Графика поля | Латинская |
| 712 02 - НАИМЕНОВАНИЕ ОРГАНИЗАЦИИ - ВТОРИЧНАЯ ОТВЕТСТВЕННОСТЬ | |
| Начальный элемент ввода | Академическая типография |
| Идентифицирующий признак | Санкт-Петербург |
| Код отношения | Печатник (типограф) |
| 790 #1 - ИМЯ ЛИЦА - АЛЬТЕРНАТИВНАЯ ФОРМА | |
| Связь между полями | z02700 |
| Начальный элемент ввода | Струйской |
| Часть имени, кроме начального элемента ввода | Н. |
| Расширение инициалов личного имени | Николай |
| 801 #0 - ИСТОЧНИК ЗАПИСИ | |
| Страна | российская федерация |
| Организация | NLR |
| Дата составления | 19990113 |
| 852 ## - МЕСТОНАХОЖДЕНИЕ И ШИФР ХРАНЕНИЯ | |
| Идентификатор организации | NLR |
| Шифр хранения (Call Number) | 330/90 |
| 899 ## - ДАННЫЕ О МЕСТОНАХОЖДЕНИИ (устаревшее) | |
| Местонахождение | РГБ |
| 899 ## - ДАННЫЕ О МЕСТОНАХОЖДЕНИИ (устаревшее) | |
| Местонахождение | БАН |
| 899 ## - ДАННЫЕ О МЕСТОНАХОЖДЕНИИ (устаревшее) | |
| Местонахождение | ГПИБ |
| 942 ## - ДОПОЛНИТЕЛЬНЫЕ ЭЛЕМЕНТЫ ЗАПИСИ (АБИС) | |
| Тип экземпляра АБИС | Книга |
| 980 ## - КОЛЛЕКЦИЯ | |
| Название коллекции | Национальная библиография |
| 980 ## - КОЛЛЕКЦИЯ | |
| Название коллекции | Русская книга гражданской печати XVIII в. в библиотеках РФ |
Нет доступных экземпляров.